Manual universal de la técnica mecánica para el taller y la oficina técnica / (Record no. 109872)

MARC details
000 -LEADER
campo de control de longitud fija 00611nam a2200169 4500
001 - NÚMERO DE CONTROL
campo de control 109872
003 - IDENTIFICADOR DE NÚMERO DE CONTROL
campo de control ES-MaACL
007 - CAMPO FIJO DE DESCRIPCIÓN FÍSICA--INFORMACIÓN GENERAL
campo de control de longitud fija t|
008 - DATOS DE LONGITUD FIJA--INFORMACIÓN GENERAL
campo de control de longitud fija 061121s1955 sp r ||||1| spa d
100 1# - ENTRADA PRINCIPAL--NOMBRE DE PERSONA
Nombre de persona Oberg, Erik.
9 (RLIN) 86384
245 10 - MENCIÓN DEL TÍTULO
Título Manual universal de la técnica mecánica para el taller y la oficina técnica /
Mención de responsabilidad, etc. Erik Oberg, F.D. Jones; traducción de la 14ª edición norteamericana por Pedro Danés Cazabosch.
260 ## - PUBLICACIÓN, DISTRIBUCIÓN, ETC.
Lugar de publicación, distribución, etc. Barcelona :
Nombre del editor, distribuidor, etc. Labor,
Fecha de publicación, distribución, etc. 1955.
300 ## - DESCRIPCIÓN FÍSICA
Extensión 2t. :
Otras características físicas il. ;
Dimensiones 20 cm.
700 1# - ENTRADA AGREGADA--NOMBRE PERSONAL
Nombre de persona Jones, J.D.
9 (RLIN) 66853
700 1# - ENTRADA AGREGADA--NOMBRE PERSONAL
Nombre de persona Danés Casabosch, Pedro.
9 (RLIN) 42611
852 ## - LOCALIZACIÓN
Ubicación ES-MaACL
Número de control de estantería C-9148-9
Sublocalización o colección R.37267
Holdings
Estatus retirado Estado de pérdida Estado de daño No para préstamo Biblioteca de origen Biblioteca actual Ubicación en estantería Fecha de adquisición Fuente de adquisición Total de préstamos Signatura topográfica completa Código de barras Visto por última vez Precio de reemplazo Tipo de ítem Koha
        Biblioteca del Ateneo de Madrid Biblioteca del Ateneo de Madrid Sala Palomar 17/01/2008     C-9148-9 1114636 23/02/2023 23/02/2023 Libro impreso